01487nam a2200169 i 4500001001000000003001000010005001700020008004100037040003000078041000800108100003100116245006400147300005000211520093200261653002001193773010401213768714001CO-MdFUSB20221125152604.0220603t1984 ck |||| |||| 00| 0 spa d bspacCO-MdFUSBdCO-MdFUSB aspa aAndrèiev, Leonid,eautor 3aEl diario de satanás y otros cuentosc/ Leonid Andrèiev aVolumen 4, (1984) páginas 497-659c; 22 cm aCansado de la monotonía que le supone regir el Infierno, Satanás decide encarnarse en una persona y representar el papel del suplantado en que él mismo ve como una comedia: la vida. No elige a un individuo normal y corriente; sino que pone su objetivo en el adinerado Henry Wandergood, un empresario norteamericano oriundo de Illinois, de 38 años. Hizo su fortuna, valorada en tres mil millones de dólares, en la incipiente industria alimentaria. El objetivo de Satanás es divertirse haciendo lo que mejor se le da: mentir y jugar con las pasiones humanas. Para tal fin, se dirige a nada menos que a Roma, con la idea de donar toda su fortuna a la beneficencia. ¿Quién podría esperar tal acto de un empresario de éxito? Desde el principio reflexiona sobre la naturaleza del ser humano y se queja de lo simple que es su lenguaje y su propia existencia, la cual solo se mide entre el nacimiento y la muerte.  aLiteratura Rusa0 067924aOveja Negra, o24693tMaestros de la literatura universal w(CO-MdFUSB)768714001z8482806718